Confesiones

-д хадгалсан:
Номзүйн дэлгэрэнгүй
Үндсэн зохиолч: San Agustín de Hipona
Формат: Ном
Хэл сонгох:испани
Хэвлэсэн: Madrid Espasa-Calpe 1973
Хэвлэл:7a. ed
Цуврал:Colección Austral, 1199
Нөхцлүүд:
Шошгууд: Шошго нэмэх
Шошго байхгүй, Энэхүү баримтыг шошголох эхний хүн болох!

MARC

LEADER 00000nam a2200000 a 4500
001 UCY5609
003 CL-VaPUC
008 950512e19730108SP |||||||||||||||||spa|d
082 0 4 |a 189.2  |b AGU  |2 21 
100 |a San Agustín de Hipona  |x Teólogo y filósofo cristiano   |9 311590 
245 1 0 |a Confesiones 
250 |a 7a. ed 
300 |a 242 p 
942 |c BK 
945 |d 19950512 00:00:00  |a mfernand 
260 |a Madrid  |b Espasa-Calpe  |c 1973 
650 0 |a Vida espiritual  |9 307811 
650 0 |a Teología   |9 258766 
650 7 |a CATOLICIDAD  |2 CL-VaPUC  |9 319321 
650 0 |a Filosofía   |9 223554 
650 0 |a Cristianismo  |9 257361 
650 0 |a Edad media  |9 258041 
650 0 |a Maniqueísmo  |9 322041 
650 0 |a Conceptos morales   |9 310606 
650 0 |a Amor  |9 257817 
650 0 |a Amistad  |9 307341 
650 7 |a SUFRIMIENTO  |2 CL-VaPUC  |9 323030 
650 0 |a Neoplatonismo  |9 265877 
650 7 |a CONVERSION  |2 CL-VaPUC  |9 310975 
583 |a last modification  |c 19950512 00:00:00  |k Rodrigo Vera 
490 0 |a Colección Austral, 1199 
999 |c 233241  |d 233239 
952 |0 0  |1 0  |4 0  |6 189_200000000000000_AGU_1973  |7 0  |8 A  |9 238607  |a BIBEDU  |b BIBEDU  |d 2019-11-18  |i 1500767  |o 189.2 AGU 1973  |p 1500767  |r 2019-11-18  |w 2019-11-18  |y BK  |k EDU 
952 |0 0  |1 0  |4 0  |6 189_200000000000000_AGU_1973  |7 0  |8 A  |9 238608  |a BIBTEO  |b BIBTEO  |d 2019-11-18  |i 2021102  |l 2  |m 2  |o 189.2 AGU 1973  |p 2021102  |r 2025-01-17  |s 2024-04-12  |w 2019-11-18  |y BK  |k ICR 
952 |0 0  |1 2  |4 0  |6 189_200000000000000_AGU_1973  |7 0  |8 A  |9 238609  |a BIBTEO  |b BIBTEO  |d 2019-11-18  |i 2021110  |o 189.2 AGU 1973  |p 2021110  |r 2019-11-18  |w 2019-11-18  |y BK  |k ICR 
952 |0 0  |1 0  |4 0  |6 189_200000000000000_AGU_1973  |7 0  |8 A  |9 238610  |a BIBEDU  |b BIBEDU  |d 2019-11-18  |i 1606298  |o 189.2 AGU 1973  |p 1606298  |r 2019-11-18  |w 2019-11-18  |y BK  |k EDU